Mumford & Sons Charting Songs (Billboard Hot 100) - Statistics

General Stats
  • This quiz has been taken 76 times
  • The average score is 7 of 11
Answer Stats
Album Weeks On Peak Song % Correct
Babel 39 Weeks #12 I Will Wait
94%
Sigh No More 22 Weeks #45 Little Lion Man
89%
Babel 5 Weeks #60 Babel
82%
Sigh No More 20 Weeks #27 The Cave
76%
Babel 1 Week #97 Lover of the Light
56%
Wilder Mind 15 Weeks #31 Believe
53%
Babel 1 Week #59 Hopeless Wanderer
47%
Babel 2 Weeks #85 Lover's Eyes
44%
Babel 3 Weeks #88 Ghosts That We Knew
40%
Babel 3 Weeks #84 Holland Road
39%
Babel 4 Weeks #81 Whispers in the Dark
35%
No matching quizzes found
Score Distribution
Percent of People with Each Score
Percentile by Number Answered
Your Score History
You have not taken this quiz